Error correction coding (Record no. 892)

MARC details
000 -LEADER
fixed length control field 00455 a2200169 4500
001 - CONTROL NUMBER
control field 066898
003 - CONTROL NUMBER IDENTIFIER
control field OSt
005 - DATE AND TIME OF LATEST TRANSACTION
control field 20211021161612.0
008 - FIXED-LENGTH DATA ELEMENTS--GENERAL INFORMATION
fixed length control field
082 ## - DEWEY DECIMAL CLASSIFICATION NUMBER
Classification number 621.3820286
Item number M77E
100 1# - MAIN ENTRY--PERSONAL NAME
Personal name Moon, Todd K.
245 1# - TITLE STATEMENT
Title Error correction coding
Statement of responsibility, etc by Todd K. Moon
260 ## - PUBLICATION, DISTRIBUTION, ETC. (IMPRINT)
Place of publication, distribution, etc India
Name of publisher, distributor, etc Wiley
Date of publication, distribution, etc 2009
300 ## - PHYSICAL DESCRIPTION
Extent 756p.
690 ## - LOCAL SUBJECT ADDED ENTRY--TOPICAL TERM (OCLC, RLIN)
Topical term or geographic name as entry element Error-correcting codes (Information theory); Engineering mathematics
942 ## - ADDED ENTRY ELEMENTS (KOHA)
Source of classification or shelving scheme Dewey Decimal Classification
Koha item type Books
Holdings
Withdrawn status Lost status Source of classification or shelving scheme Damaged status Not for loan Collection code Home library Current library Date acquired Source of acquisition Cost, normal purchase price Full call number Barcode Date last seen Price effective from Koha item type
    Dewey Decimal Classification     General Text Book Central University Of Rajasthan Central University Of Rajasthan 07/03/2012 STT 519.00 621.3820286 M77E 1184 21/11/2024 02/09/2020 Books